EPIC: The Musical - Guess the Song with No Hints #2 - Statistics

General Stats
  • This quiz has been taken 454 times
  • The average score is 305 of 496
Answer Stats
Answer % Correct
I
97%
(I
97%
a
96%
you
90%
You
90%
the
89%
men.
87%
who
85%
me
84%
me,
84%
go
82%
just
82%
no
82%
No
82%
no!
82%
an
81%
do.
81%
do
81%
in
80%
to
80%
so
79%
he
78%
not
78%
we
78%
We
78%
we?
78%
your
78%
and
77%
And
77%
is
77%
it
76%
it,
76%
man.
76%
man...
76%
my
76%
My
76%
did
75%
Tell
75%
tell
75%
that
75%
are
74%
of
74%
When
74%
when
74%
would
74%
know
73%
six
73%
this
73%
This
73%
this)
73%
this,
73%
this?
73%
can
72%
god
72%
god...
72%
god.
72%
how
72%
How
72%
be
71%
have
71%
I'm
71%
Then
70%
then
70%
Where
70%
where
70%
friend.
68%
home
68%
home,
68%
home)
68%
all
67%
all...
67%
all,
67%
Ody,
67%
Say,
67%
say
67%
Say
67%
didn't
66%
Don't
66%
don't
66%
end.
66%
sacrifice
66%
captain,
65%
Captain?
65%
get
65%
can't!
64%
can't
64%
happen.
64%
what
64%
wit,
64%
us
63%
our
62%
Our
62%
But
61%
but
61%
If
61%
if
61%
Look
61%
were
61%
we're
61%
We're
61%
eyes
59%
friends.
59%
(Odysseus)
59%
some
59%
Some
59%
am
58%
miss
58%
on
58%
was
58%
(Eurylochus)
57%
Eurylochus,
57%
Eurylochus!
57%
gods
57%
god's
57%
sun,
57%
sun
57%
with
57%
bad
56%
brother-
56%
lives
56%
make
56%
monster,
56%
Mutiny
56%
hand...
55%
wife
55%
you're
55%
(There
54%
Circe,
53%
crew.
53%
cyclops,
53%
must
53%
now?
53%
Now,
53%
now.
53%
now
53%
plan,
53%
die
52%
forced
52%
island,
52%
island
52%
It's
52%
it's
52%
much
52%
something!
52%
why?
52%
fight
51%
fought
51%
done
50%
left
50%
mad,
50%
behind
49%
crazy
49%
out.
49%
painfully
49%
Please
49%
(Please
49%
ran.
49%
want
49%
way!
49%
cows
48%
quick
48%
run
48%
own
47%
sent.
47%
think
47%
up
47%
Argh,
46%
same.
46%
take
46%
time
46%
Use
46%
blame!
45%
from,
45%
from
45%
send?
45%
trick
45%
trust
45%
come-
44%
come
44%
hatch
44%
weapon.
44%
carry
43%
eat...
43%
gave
43%
longer
43%
meat...
43%
stand.
43%
try
43%
he'll
42%
hunger
42%
(Hunger
42%
Lower
42%
supposed
42%
you'll
42%
about
41%
about?
41%
first
41%
found.
41%
found
41%
heavy.
41%
heavy
41%
heavy)
41%
one
41%
power,
41%
saw
41%
won't
41%
you'd
41%
brothers...
40%
has
40%
head...
40%
kill
40%
trade
40%
his
39%
letting
39%
these
39%
These
39%
wits
39%
luck's
38%
never
38%
died
37%
down.
37%
that's
37%
they
37%
true.
37%
true!
37%
gonna
36%
need
36%
suffer
36%
close
35%
pay)
35%
price
35%
relied
35%
You've
35%
begging
33%
statue,
33%
bursting
32%
tired,
32%
cattle,
31%
ends.
31%
knows
31%
shut
31%
starving,
31%
away
30%
(Full
30%
like
30%
too
30%
arms
29%
around
29%
hunt,
28%
speed
28%
ahead)
27%
him
27%
right
27%
roaming
26%
doomed
25%
front...
25%
woah...
25%
Woah
25%
allow.
24%
Grab
24%
off,
24%
here's
23%
oar
23%
Faster!
22%
immortal-
22%
strength
21%
we've
21%
late...
20%
people
20%
pissed
19%
through
18%
push
14%
doubt?
12%
No matching quizzes found
Score Distribution
Percent of People with Each Score
Percentile by Number Answered
Your Score History
You have not taken this quiz